<?xml version="1.0" encoding="UTF-8"?>
<record
    xmlns:xsi="http://www.w3.org/2001/XMLSchema-instance"
    xsi:schemaLocation="http://www.loc.gov/MARC21/slim http://www.loc.gov/standards/marcxml/schema/MARC21slim.xsd"
    xmlns="http://www.loc.gov/MARC21/slim">

  <leader>00490nam a22001457a 4500</leader>
  <datafield tag="999" ind1=" " ind2=" ">
    <subfield code="c">7988</subfield>
    <subfield code="d">7989</subfield>
  </datafield>
  <controlfield tag="008">190618b           ||||| |||| 00| 0 eng d</controlfield>
  <datafield tag="020" ind1=" " ind2=" ">
    <subfield code="a">9789998085909</subfield>
  </datafield>
  <datafield tag="082" ind1=" " ind2=" ">
    <subfield code="a">954.84 T628g 2019 </subfield>
  </datafield>
  <datafield tag="100" ind1=" " ind2=" ">
    <subfield code="a">Tobgay, Sonam</subfield>
  </datafield>
  <datafield tag="245" ind1=" " ind2=" ">
    <subfield code="a">Golden Jubilee Celebrations:</subfield>
    <subfield code="b">The Establishment of Formal Diplomatic Relations between Bhutan and India.(1968-2018).</subfield>
  </datafield>
  <datafield tag="260" ind1=" " ind2=" ">
    <subfield code="a">Thimphu ;</subfield>
    <subfield code="b">National Organizing Committee</subfield>
    <subfield code="c">2019.</subfield>
  </datafield>
  <datafield tag="300" ind1=" " ind2=" ">
    <subfield code="a">218 p.</subfield>
    <subfield code="b">ill.</subfield>
    <subfield code="c">26 cm.</subfield>
  </datafield>
  <datafield tag="650" ind1=" " ind2=" ">
    <subfield code="a">Special Collection</subfield>
  </datafield>
  <datafield tag="942" ind1=" " ind2=" ">
    <subfield code="2">ddc</subfield>
  </datafield>
  <datafield tag="952" ind1=" " ind2=" ">
    <subfield code="0">0</subfield>
    <subfield code="1">0</subfield>
    <subfield code="2">ddc</subfield>
    <subfield code="4">0</subfield>
    <subfield code="7">0</subfield>
    <subfield code="8">SPECIAL COLLECTIONS</subfield>
    <subfield code="a">RTCLIB</subfield>
    <subfield code="b">RTCLIB</subfield>
    <subfield code="c">SPECIAL COLLECTIONS</subfield>
    <subfield code="d">2019-06-18</subfield>
    <subfield code="h">13867</subfield>
    <subfield code="l">0</subfield>
    <subfield code="o">954.98 TOB</subfield>
    <subfield code="p">30004947</subfield>
    <subfield code="r">2019-06-18 00:00:00</subfield>
    <subfield code="t">1</subfield>
    <subfield code="w">2019-06-18</subfield>
    <subfield code="y">SPCOLL</subfield>
  </datafield>
  <datafield tag="952" ind1=" " ind2=" ">
    <subfield code="0">0</subfield>
    <subfield code="1">0</subfield>
    <subfield code="2">ddc</subfield>
    <subfield code="4">0</subfield>
    <subfield code="7">0</subfield>
    <subfield code="8">Over Size</subfield>
    <subfield code="a">RTCLIB</subfield>
    <subfield code="b">RTCLIB</subfield>
    <subfield code="c">OV</subfield>
    <subfield code="d">2019-06-18</subfield>
    <subfield code="h">13868</subfield>
    <subfield code="l">5</subfield>
    <subfield code="m">3</subfield>
    <subfield code="o">954.98 TOB</subfield>
    <subfield code="p">30008223</subfield>
    <subfield code="r">2024-04-19 00:00:00</subfield>
    <subfield code="s">2020-02-20</subfield>
    <subfield code="t">2</subfield>
    <subfield code="w">2019-06-18</subfield>
    <subfield code="y">OVERSIZE</subfield>
  </datafield>
</record>
